Historia de un recurso de inconstitucionalidad. (Registro nro. 16246)
[ vista simple ]
| 000 -CABECERA | |
|---|---|
| campo de control de longitud fija | 00651nam a2200193 a 4500 |
| 001 - NÚMERO DE CONTROL | |
| campo de control | 000016714 |
| 005 - FECHA Y HORA DE LA ÚLTIMA TRANSACCIÓN | |
| campo de control | 20200929164942.0 |
| 008 - DATOS DE LONGITUD FIJA--INFORMACIÓN GENERAL | |
| campo de control de longitud fija | 100310s1955 dr 000 0 spa d |
| 040 ## - FUENTE DE LA CATALOGACIÓN | |
| Centro catalogador/agencia de origen | DO-SdBNP |
| Lengua de catalogación | spa |
| Centro/agencia transcriptor | BNPHU |
| 082 ## - NÚMERO DE LA CLASIFICACIÓN DECIMAL DEWEY | |
| Número de clasificación | 347.05 |
| Número de documento/Ítem | H673r |
| 049 ## - FONDOS LOCALES (OCLC) | |
| Fondos de biblioteca | BNPD |
| 245 00 - MENCIÓN DE TÍTULO | |
| Título | Historia de un recurso de inconstitucionalidad. |
| 260 ## - PUBLICACIÓN, DISTRIBUCIÓN, ETC. | |
| Lugar de publicación, distribución, etc. | Ciudad Trujillo, República Dominicana : |
| Nombre del editor, distribuidor, etc. | Montalvo, |
| Fecha de publicación, distribución, etc. | 1955. |
| 300 ## - DESCRIPCIÓN FÍSICA | |
| Extensión | 42 p. ; |
| Dimensiones | 24 cm. |
| 490 1# - MENCIÓN DE SERIE | |
| Mención de serie | Publicación de la Logia Cuna de América |
| Designación de volumen o secuencia | 2 |
| 500 ## - NOTA GENERAL | |
| Nota general | Incluye notas al pie de páginas |
| 650 #4 - PUNTO DE ACCESO ADICIONAL DE MATERIA--TÉRMINO DE MATERIA | |
| Término de materia o nombre geográfico como elemento de entrada | Recurso de inconstitucionalidad |
| 9 (RLIN) | 37072 |
| 830 #0 - PUNTO DE ACCESO ADICIONAL DE SERIE-TÍTULO UNIFORME | |
| Título uniforme | Publicación de la Logia Cuna de América |
| Número de parte o sección de la obra | 2 |
| 9 (RLIN) | 37073 |
| Estado de retiro | Estado de pérdida | No para préstamo | Código de colección | Localización permanente | Ubicación/localización actual | Ubicación en estantería | Fecha de adquisición | Número de inventario | Total de préstamos | Signatura topográfica completa | Código de barras | Fecha visto por última vez | Precio válido a partir de | Tipo de ítem Koha |
|---|---|---|---|---|---|---|---|---|---|---|---|---|---|---|
| Excluido de préstamo | Patrimonio Dominicano | Patrimonio Dominicano | Patrimonio Dominicano | En catalogación | 10.03.2010 | LF1 | 347.05 H673r | 16714-10 | 25.06.2020 | 25.06.2020 | Libro y Folleto Colección Patrimonio Dominicano |
